[Event "Ojinaga Perla del Desierto op"]
[Site "Ojinaga"]
[Date "2023.10.27"]
[Round "3"]
[White "Miranda Rodriguez, Tania"]
[Black "Shabalov, Alexander"]
[Result "0-1"]
[WhiteElo "2128"]
[BlackElo "2466"]
[PlyCount "94"]
[EventDate "2023.10.26"]
[EventType "swiss"]
[EventRounds "7"]
[EventCountry "MEX"]
[SourceTitle "Mega2024 Update 01"]
[Source "Chessbase"]
[SourceDate "2023.11.12"]
[SourceVersion "1"]
[SourceVersionDate "2023.11.12"]
[SourceQuality "1"]

1. e4 g6 2. d4 Bg7 3. Nc3 c6 4. Bc4 b5 5. Bb3 a5 6. a4 b4 7. Nce2 d5 8. e5 e6 9. Nf3 Nd7 10. 0-0 Ba6 11. Re1 Ne7 12. Bg5 h6 13. Be3 c5 14. dxc5 Rc8 15. Ned4 Nxc5 16. Nb5 Nf5 17. Bxc5 Rxc5 18. Nfd4 0-0 19. Nxf5 gxf5 20. Nd4 Re8 21. f4 Qh4 22. Qd2 Kh8 23. Qf2 Qxf2+ 24. Kxf2 Bf8 25. Rad1 Rc7 26. Re3 Bc5 27. Rh3 Kg7 28. Ke3 Rec8 29. g4 fxg4 30. Rg1 Bb6 31. Rxg4+ Kf8 32. Rxh6 Bxd4+ 33. Kxd4 Ke7 34. Rg7 Bc4 35. Rhh7 Rf8 36. Rg2 Bxb3 37. cxb3 Rc1 38. Kd3 Rfc8 39. Rgg7 Rf8 40. Rh6 Rd1+ 41. Ke3 Re1+ 42. Kd3 Rd1+ 43. Ke3 d4+ 44. Kf3 d3 45. Rg2 d2 46. Ke3 Rd8 47. Re2 Re1 0-1

[Event "Capablanca Memorial op 53rd"]
[Site "Havana"]
[Date "2018.05.16"]
[Round "7"]
[White "Campos Jimenez, Augusto Cesar"]
[Black "Miranda Rodriguez, Tania"]
[Result "1-0"]
[WhiteElo "2390"]
[BlackElo "2187"]
[PlyCount "49"]
[EventDate "2018.05.09"]
[EventType "swiss"]
[EventRounds "10"]
[EventCountry "CUB"]
[SourceTitle "EXT 2021"]
[Source "ChessBase"]
[SourceDate "2020.10.23"]
[SourceVersion "1"]
[SourceVersionDate "2020.10.23"]
[SourceQuality "1"]

1. d4 Nf6 2. Nf3 d5 3. c4 e6 4. g3 Be7 5. Bg2 0-0 6. 0-0 dxc4 7. Qa4 a6 8. Qxc4 b5 9. Qc2 Bb7 10. Bg5 Be4 11. Qc1 c6 12. Nbd2 Bg6 13. Nb3 Be4 14. Nbd2 Bg6 15. Rd1 Nd5 16. Bxe7 Nxe7 17. Nb3 Nd7 18. Ne5 Nxe5 19. dxe5 Qc7 20. Rd6 Rfd8 21. Qc5 Rac8 22. Rc1 Bh5 23. Nd4 Qa5 24. b4 Qa3 25. Rc3 1-0